Score 0/16 Timer 05:00
1 Play Today
% Correct
Count Dracula
97.6%
Mickey Mouse
96.4%
Casper the Friendly Ghost
96%
Barbie
95.2%
Darth Vader
95.1%
Thomas the Tank Engine
94.6%
Hello Kitty
94.1%
Thor
89.5%
% Correct
Curious George
88.3%
Edward Scissorhands
87.3%
Lucy van Pelt
85.3%
Uncle Sam
83%
Powerpuff Girls
82.6%
Mike Wazowski
81.4%
Bullwinkle J. Moose
79.3%
Marvin the Martian
71.9%
Remove Ads.
Support Sporcle.
Get the best of Sporcle when you Go Orange. This ad-free experience offers more features, more stats, and more fun while also helping to support Sporcle. Thank you for becoming a member.

You're not logged in!

Compare scores with friends on all Sporcle quizzes.
OR
Log In

Show Comments

Extras

Top Quizzes Today


Score Distribution

Your Account Isn't Verified!

In order to create a playlist on Sporcle, you need to verify the email address you used during registration. Go to your Sporcle Settings to finish the process.

Report this User

Report this user for behavior that violates our Community Guidelines.

Details: